000 00874nas a2200289 4500
001 BR9701460
003 BR-BrBNA
005 20231205100046.0
007 ta
008 230509b bl.|||p| |||| 00| 00por d
040 _aBR-BrBNA
_bpor
_cBiblioteca Nacional de Agricultura
041 _a(Pt)
072 _aF30; H50
100 1 _aSantos, S.J.S.M. dos
100 1 _aFerreira, P.V.
245 1 _aReacao a queima de alternaria e producao de raizes de cultivares de cenoura (Daucus carota L.)introduzidas em Maceio-AL
650 _aCenoura
650 _aVariedade
650 _aFungo
650 _aRaiz
650 _aProducao Vegetal
650 _aEstatistica de Producao
650 _aAlagoas
773 0 _tCiencia Agricola (Brazil)
_xISSN 0103-8699
_g(1993-1994), v. 2(1) p. 3-8
_wBR9701460
909 _a202311
_bLúcia
_c55
_dLúcia Elande
942 _2AGRIS
_n0
_cANA
999 _c154167
_d154167